On becoming a leader
| Main Author: | Bennis, Warren |
|---|---|
| Published: |
New York:
Basic Books,
2009.
|
| Subjects: |
| LEADER | 00530cam a2200181 7i4500 | ||
|---|---|---|---|
| 001 | 0000051913 | ||
| 005 | 20200610090000.0 | ||
| 020 | |a 9780465014088 (pbk.) | ||
| 020 | |a 0738208175 (pbk.) | ||
| 090 | 0 | 0 | |a HD57.7 |b .B46 2009 |
| 100 | 1 | |a Bennis, Warren | |
| 245 | 1 | 0 | |a On becoming a leader |c Warren Bennis. |
| 260 | |a New York: |b Basic Books, |c 2009. | ||
| 300 | |a xxxix, 254 p.; |c 21 cm. | ||
| 650 | 0 | 0 | |a Leadership |
| 997 | |a Health Sciences, Faculty | ||
| 998 | |a Nursing, Diploma | ||
| 999 | |a 0000063807 |b BOK |c OPEN SHELF |e 1st Floor, Shah Alam | ||


